|
|
|
|
| LEADER |
01232pam a2200349Ia 4500 |
| 001 |
9780203021118 |
| 003 |
FlBoTFG |
| 005 |
20091230162921.0 |
| 006 |
a|||||s||||||||||| |
| 007 |
cr|||| |
| 008 |
040827s2005 enka sb 001 0 eng d |
| 020 |
|
|
|a 9780203021118 (e-book : PDF)
|
| 040 |
|
|
|a FlBoTFG
|c FlBoTFG
|d GrThAP
|
| 090 |
|
|
|a HD69.S8
|b N45 2005
|
| 092 |
|
|
|a 338.87
|b N476
|
| 245 |
0 |
0 |
|a Network access, regulation and antitrust
|h [electronic resource] /
|c edited by Diana L. Moss.
|
| 250 |
|
|
|a 1st ed.
|
| 260 |
|
|
|a London ;
|a New York :
|b Routledge,
|c 2005.
|
| 300 |
|
|
|a xiii, 281 p. :
|b ill.
|
| 490 |
1 |
|
|a The economics of legal relationships ;
|v v. 8
|
| 504 |
|
|
|a Includes bibliographical references (p. [273]-274) and index.
|
| 530 |
|
|
|a Also available in print edition.
|b CRC Press (http://www.crcpress.com)
|
| 538 |
|
|
|a Mode of access: World Wide Web.
|
| 650 |
|
0 |
|a Business networks.
|
| 650 |
|
0 |
|a Trade regulation.
|
| 650 |
|
0 |
|a Antitrust law.
|
| 650 |
|
0 |
|a Industrial policy.
|
| 655 |
|
7 |
|a Electronic books.
|2 lcsh
|
| 700 |
1 |
|
|a Moss, Diana L.
|
| 776 |
1 |
|
|z 9780415700795
|
| 830 |
|
0 |
|a Economics of legal relationships ;
|v v. 8.
|
| 856 |
4 |
0 |
|u http://www.tandfebooks.com/isbn/9780203021118
|z Full Text via HEAL-Link
|